000 00891nam a2200253 i 4500
001 8022
003 ES-MaACL
005 20250416222530.0
007 t|
008 910622s1990 sp ||||1| spa d
020 _a84-320-4047-9
080 _a849.9-14"14"
080 _a849.9(March,A.7 P.03=6)
100 1 _aMarch, Ausiàs,
_dca. 1397-1459
_9149221
245 1 0 _aPoesías /
_cAusias March ; edición e introducción de Martín de Riquer ; traducción de Jorge de Montemayor.
260 _aBarcelona :
_bPlaneta,
_cD.L. 1990.
300 _aXXIV, 228 p. ;
_c19 cm.
490 1 _aClásicos universales Planeta ;
_v181
700 0 _aMontemayor, Jorge de (
_d1520?-1561)
_982451
700 1 _aRiquer, Martín de,
_d1914-2013
_9240061
830 0 _aClásicos universales Planeta ;
_v181
_9178015
852 _aES-MaACL
_jL-15364
_bR.117880
_z. - rust.
999 _c8022
_d8022